| 000 | 01068nam a2200241Ia 4500 | ||
|---|---|---|---|
| 003 | IN-BaIIA | ||
| 008 | 211028s9999 xx 000 0 eng d | ||
| 020 | _a0-521-41984-0 | ||
| 040 | _cIIA Library | ||
| 080 |
_a524.5(063) _bEVO |
||
| 111 |
_aInternational Conference on Evolution of Interstellar Matter and Dynamics of Galaxies _cCzech Republic _d1991 May 21-25 _918040 |
||
| 245 | 0 |
_aEvolution of interstellar matter and dynamics of galaxies _bproceedings of the International conference Prague, Czech Republic, 21-25 May 1991 _cedited by Jan Palous, W. Butler Burton and Per Olof Lindblad |
|
| 260 |
_aCambridge _bCambridge University Press _c1992 |
||
| 300 | _axviii, 420p. | ||
| 490 | _aCenter for theoretical study, workshop; no. 1 | ||
| 650 | _aAstronomy and astrophysics thesaurus | ||
| 650 |
_aGalactic dynamics _91517 |
||
| 650 |
_aInterstellar matter _91189 |
||
| 700 |
_aBurton, W. Butler, ed. _918041 |
||
| 700 |
_aLindblad, Per Olof., ed. _918042 |
||
| 700 |
_aPalous, Jan, ed. _918043 |
||
| 942 | _cBK | ||
| 999 |
_c10578 _d10578 |
||